Test your Bible power : (Record no. 158)

MARC details
000 -LEADER
fixed length control field 00840cam a22002651a 4500
001 - CONTROL NUMBER
control field 914951
003 - CONTROL NUMBER IDENTIFIER
control field GBCCL
005 - DATE AND TIME OF LATEST TRANSACTION
control field 20241126110331.0
008 - FIXED-LENGTH DATA ELEMENTS--GENERAL INFORMATION
fixed length control field 820217s1982 nyu 000 0 eng
010 ## -
-- 82001835
020 ## - INTERNATIONAL STANDARD BOOK NUMBER
International Standard Book Number 0345306627
040 ## - CATALOGING SOURCE
Original cataloging agency DLC
Transcribing agency DLC
Modifying agency DLC
050 10 -
-- BS612
-- .T46
082 00 - DEWEY DECIMAL CLASSIFICATION NUMBER
Classification number 220.076
Edition information 19
Item number TES
245 00 - TITLE STATEMENT
Title Test your Bible power :
Remainder of title a Good Book quiz /
Statement of responsibility, etc. Stanley P. Shank, general editor ; [illustrations by Christopher Fay].
250 ## - EDITION STATEMENT
Edition statement 1st ed.
260 ## - PUBLICATION, DISTRIBUTION, ETC.
Place of publication, distribution, etc. New York :
Name of publisher, distributor, etc. Ballantine Books,
Date of publication, distribution, etc. 1982.
300 ## - PHYSICAL DESCRIPTION
Extent p. cm.
500 ## - GENERAL NOTE
General note Cataloging based on CIP information.
630 00 - SUBJECT ADDED ENTRY--UNIFORM TITLE
Uniform title Bible
General subdivision Examinations, questions, etc.
9 (RLIN) 1873
650 #0 - SUBJECT ADDED ENTRY--TOPICAL TERM
Topical term or geographic name entry element Bible games and puzzles.
9 (RLIN) 1874
700 1# - ADDED ENTRY--PERSONAL NAME
Personal name Shank, Stanley P.,
Dates associated with a name 1946-
9 (RLIN) 1875
906 ## - LOCAL DATA ELEMENT F, LDF (RLIN)
a 7
b cbc
c orignew
d 1
e ocip
f 19
g y-gencatlg
942 ## - ADDED ENTRY ELEMENTS (KOHA)
Source of classification or shelving scheme Dewey Decimal Classification
Koha item type Books
Koha issues (borrowed), all copies 1
Holdings
Withdrawn status Lost status Source of classification or shelving scheme Damaged status Not for loan Home library Current Library Shelving location Date acquired Total checkouts Full call number Barcode Date last seen Date last checked out Copy number Price effective from Koha item type
    Dewey Decimal Classification     GRACE BIBLE COLLEGE GRACE BIBLE COLLEGE Biblical Studies 2016-05-27 1 220.076 TES 003230 2025-05-01 2018-08-20 c.1 2016-05-27 Books
© Grace Bible College Library 2025